000 00654nam a22001937a 4500
005 20171212151249.0
010 _aENG-121854
020 _a9789380599366
_c295.00
035 _aEN-105386
037 _bDBAD/PUB
082 _a305.51220954
100 _aNandi, Santi Bhusan
245 _aCaste funtions hierarchy and social power :
_bstudy of a rural society /
_cby santi bhusan nandi
260 _aKolkata
_bBimal Kumar Dhur of Academic Publisher
_c2011
270 _a5A Bhawani Dutta Lane
_bKolkata
_e700073
300 _a131p.
_c22cm(Hb)
500 _aIncludes bibliographical references
942 _2ddc
_cEN
_h305.51220954
_mNAN
999 _c147965
_d147965